000 01079cac a2200325 i 4500
003 EG-ScBUE
005 20241222100648.0
008 080908t2009 njua f b 001 0 eng d
020 _a0138149801
020 _a9780138149802
040 _aEG-ScBUE
_beng
_erda
_cEG-ScBUE
_dEG-ScBUE
082 0 4 _a526.9
_bKAV
_222
100 1 _aKavanagh, Barry F.,
_eauthor.
_923161
245 1 0 _aSurveying :
_bprinciples and applications /
_cBarry F. Kavanagh, Seneca College, Emeritus.
250 _aEighth edition.
250 _aInternational edition.
264 1 _aUpper Saddle River, New Jersey :
_bPrentice Hall,
_c[2009]
264 4 _cc2009
300 _axv, 791 pages :
_billustrations (some color), maps ;
_c24 cm
336 _2rdacontent
_atext
_btxt
337 _aunmediated
_2rdamedia
_bn
338 _avolume
_bnc
_2rdacarrier
504 _aIncludes bibliographical references and index.
590 _aDoha Ragab
650 7 _aSurveying.
_923162
_2BUEsh
651 _2BUEsh
653 _bENGGEN
_cAugust2015
655 _vReading book
_934232
942 _cBB
_2ddc
999 _c15138
_d15138